Staff Report on Income Tax Treatment of Income Resulting from Lapse of Options Written as Parts of Straddles.

Covers Internal Revenue Service rules on taxation of premiums from straddle options transactions in the securities market.

Bibliographic Details
Corporate Authors: United States. Congress. Joint Committee on Internal Revenue Taxation, ProQuest (Firm)
Format: eBook
Language:English
Published: [Place of publication not identified] : [publisher not identified], 1965.
Series:U.S. Congressional Research.
Subjects:
Online Access:Connect to the full text of this electronic book

MARC

Tag First Indicator Second Indicator Subfields
LEADER 00000cam a22000001a 4500
001 in00003303621
006 m d f
007 cr bn mmmapmmp
008 100520s1965 dcu o f000 0 eng d
005 20260430212519.5
035 |a cis2007839705 
040 |a LexisNexis  |c LexisNexis  |d UtOrBLW 
043 |a n-us--- 
099 |a CMP-1965-IRT-0005 
110 1 |a United States.  |b Congress.  |b Joint Committee on Internal Revenue Taxation. 
245 1 0 |a Staff Report on Income Tax Treatment of Income Resulting from Lapse of Options Written as Parts of Straddles. 
264 1 |a [Place of publication not identified] :  |b [publisher not identified],  |c 1965. 
300 |a 1 online resource. 
336 |a text  |b txt  |2 rdacontent 
337 |a computer  |b c  |2 rdamedia 
338 |a online resource  |b cr  |2 rdacarrier 
500 |a Record is based on bibliographic data in LexisNexis U.S. Congressional Research Digital Collection (last viewed May 2010). Reuse except for individual research requires license from LexisNexis. 
500 |a Print. 
520 |a Covers Internal Revenue Service rules on taxation of premiums from straddle options transactions in the securities market. 
500 |a Electronic resource. 
650 0 |a Administrative law. 
650 0 |a Income tax. 
650 0 |a Securities. 
655 7 |a Electronic books.  |2 local 
710 2 |a ProQuest (Firm) 
776 0 8 |i Microfiche version:   |a United States. Congress. Joint Committee on Internal Revenue Taxation.  |t Staff Report on Income Tax Treatment of Income Resulting from Lapse of Options Written as Parts of Straddles.  |o J0361 
830 0 |a U.S. Congressional Research. 
856 4 0 |u http://proxy.library.tamu.edu/login?url=https://congressional.proquest.com/congcomp/getdoc?CRDC-ID=CMP-1965-IRT-0005  |z Connect to the full text of this electronic book  |t 0 
999 |a MARS 
999 f f |s 79706a81-7d32-3af7-9316-874c5f497225  |i c0313daa-500c-3e02-8751-26bb3625cde7  |t 0 
952 f f |a Texas A&M University  |b College Station  |c Electronic Resources  |s www_evans  |d Available Online  |t 0  |e CMP-1965-IRT-0005  |h Other scheme 
998 f f |a CMP-1965-IRT-0005  |t 0  |l Available Online